| 000 | 00599cam a2200181 i 4500 | ||
|---|---|---|---|
| 001 | 1334418 | ||
| 005 | 20240301005401.0 | ||
| 008 | 790302s1977 ce a f100 0 eng | ||
| 040 |
_aDLC _cDLC _dDLC |
||
| 082 | 0 | 0 |
_a322.2 _222 _bWOR. |
| 245 | 1 | 0 | _aWorkers participation in management. |
| 260 |
_aColombo : _bSri Lanka Foundation Institute, _c1977. |
||
| 300 | _a104 p. : | ||
| 490 | 1 | _aSeminar report - Sri Lanka Foundation Institute ; 5 | |
| 500 | _aConducted by the Asian Trade Union College, New Delhi in co-operation with the Sri Lanka Foundation Institute. | ||
| 650 | 0 | _aManagement | |
| 942 | _cL | ||
| 999 |
_c524 _d524 |
||